[Event "Bratislava Slovan op"]
[Site "Bratislava"]
[Date "2019.05.04"]
[Round "4"]
[White "Cibiri, Ivan"]
[Black "Ochrana, Ladislav"]
[Result "0-1"]
[WhiteElo "1590"]
[BlackElo "1962"]
[PlyCount "36"]
[EventDate "2019.05.01"]
[EventType "swiss"]
[EventRounds "9"]
[EventCountry "SVK"]
[SourceTitle "CBM 190 Extra"]
[Source "ChessBase"]
[SourceDate "2019.07.15"]
[SourceVersion "1"]
[SourceVersionDate "2019.07.15"]
[SourceQuality "1"]

1. d4 Nf6 2. Nc3 e6 3. Bf4 Bb4 4. Bd2 d5 5. a3 Be7 6. Bf4 a6 7. e3 Nbd7 8. Bd3 c5 9. dxc5 Nxc5 10. Be2 Qb6 11. b4 Nce4 12. Nxe4 Nxe4 13. Bd3 Bf6 14. Bxe4 Bc3+ 15. Kf1 dxe4 16. Rb1 e5 17. Bg3 Be6 18. Nh3 Ba2 0-1

[Event "SVK-chT2A 1617"]
[Site "Slovakia"]
[Date "2017.02.12"]
[Round "9.6"]
[White "Goga, Frantisek"]
[Black "Ochrana, Ladislav"]
[Result "1/2-1/2"]
[WhiteElo "2014"]
[BlackElo "1975"]
[PlyCount "56"]
[EventDate "2016.10.08"]
[EventType "team-tourn"]
[EventRounds "11"]
[EventCountry "SVK"]
[SourceTitle "EXT 2018"]
[Source "ChessBase"]
[SourceDate "2017.10.13"]
[SourceVersion "1"]
[SourceVersionDate "2017.10.13"]
[SourceQuality "1"]
[WhiteTeam "Bratislava Doprastav II"]
[BlackTeam "Devinska Nova Ves II"]
[WhiteTeamCountry "SVK"]
[BlackTeamCountry "SVK"]

1. e4 c5 2. Nf3 e6 3. b3 Nf6 4. Nc3 d5 5. Bb5+ Bd7 6. Bxd7+ Nbxd7 7. exd5 Nxd5 8. Nxd5 exd5 9. 0-0 Be7 10. d4 0-0 11. dxc5 Bf6 12. Rb1 Nxc5 13. Ba3 Qa5 14. Qc1 Qc7 15. c4 dxc4 16. Qxc4 Rfc8 17. Rbc1 Ne6 18. Qb5 Qb8 19. Rxc8+ Qxc8 20. Rc1 Qb8 21. Qd7 b6 22. h3 Nf8 23. Qc6 Ne6 24. Qd7 Qe8 25. Qb7 Qb8 26. Qd7 Qe8 27. Qb7 Qb8 28. Qd7 Qe8 1/2-1/2

[Event "SVK-chT2A 1516"]
[Site "Slovakia"]
[Date "2016.02.13"]
[Round "8.5"]
[White "Hrubsa, Marian"]
[Black "Ochrana, Ladislav"]
[Result "0-1"]
[WhiteElo "1805"]
[BlackElo "1935"]
[PlyCount "140"]
[EventDate "2015.10.17"]
[EventType "team-tourn"]
[EventRounds "11"]
[EventCountry "SVK"]
[SourceTitle "EXT 2017"]
[Source "ChessBase"]
[SourceDate "2016.10.25"]
[SourceVersion "1"]
[SourceVersionDate "2016.10.25"]
[SourceQuality "1"]
[WhiteTeam "Skalica"]
[BlackTeam "Devinska Nova Ves II"]
[WhiteTeamCountry "SVK"]
[BlackTeamCountry "SVK"]

1. e4 e6 2. d4 d5 3. Nd2 dxe4 4. Nxe4 Nf6 5. Bd3 Nbd7 6. Nf3 Be7 7. 0-0 0-0 8. c3 b6 9. Qc2 Bb7 10. Neg5 h6 11. Ne4 c5 12. Be3 Qc7 13. Rad1 c4 14. Nxf6+ Nxf6 15. Be2 Bd6 16. h3 Ne4 17. Nd2 Nxd2 18. Qxd2 Bd5 19. f4 b5 20. f5 exf5 21. Rxf5 Bh2+ 22. Kh1 Bxg2+ 23. Kxg2 Qg3+ 24. Kh1 Bg1 25. Bg4 Bxe3 26. Qh2 Qxh2+ 27. Kxh2 Rab8 28. Rc5 Rfd8 29. Rf1 g6 30. Rf6 Kg7 31. Rf1 f5 32. Rc7+ Kh8 33. Be2 a5 34. Rc6 Kg7 35. Rc7+ Kf6 36. Rc6+ Kf7 37. Rc7+ Ke6 38. Rc6+ Rd6 39. Rc5 Ke7 40. h4 Re6 41. Bd1 Bc1 42. Rf2 Re1 43. Bf3 Bf4+ 44. Kg2 Bd6 45. Rc6 Re3 46. Ra6 a4 47. a3 g5 48. Ra7+ Kf6 49. Rh7 Bf8 50. hxg5+ hxg5 51. Rd7 f4 52. Bd5 Be7 53. Bc6 Rb6 54. Bd5 Kf5 55. Bg8 Bd6 56. Rf7+ Kg6 57. Rd7 g4 58. Bh7+ Kh6 59. Bc2 f3+ 60. Kf1 Be7 61. Rh2+ Kg5 62. Rd5+ Kf4 63. Rf5+ Kg3 64. Rh1 Re2 65. Rg1+ Rg2 66. Re5 Rxg1+ 67. Kxg1 Rh6 68. Be4 Bd6 69. Re8 Bf4 70. Ba8 Rh2 0-1

[Event "SVK-chT2A 1516"]
[Site "Slovakia"]
[Date "2015.12.06"]
[Round "6.6"]
[White "Ochrana, Ladislav"]
[Black "Novacek, Vladimir"]
[Result "0-1"]
[WhiteElo "1935"]
[BlackElo "2039"]
[PlyCount "78"]
[EventDate "2015.10.17"]
[EventType "team-tourn"]
[EventRounds "11"]
[EventCountry "SVK"]
[SourceTitle "CBM 169 Extra"]
[Source "ChessBase"]
[SourceDate "2015.12.18"]
[SourceVersion "1"]
[SourceVersionDate "2015.12.18"]
[SourceQuality "1"]
[WhiteTeam "Devinska Nova Ves II"]
[BlackTeam "Bratislava DP"]
[WhiteTeamCountry "SVK"]
[BlackTeamCountry "SVK"]

1. e4 g6 2. d4 Bg7 3. Bc4 d6 4. Nc3 c6 5. Nge2 Nf6 6. Ng3 h5 7. f3 Nbd7 8. Bb3 h4 9. Nge2 Nh5 10. Nf4 Qa5 11. Bd2 Nxf4 12. Bxf4 b5 13. Qd2 Qb6 14. Be3 a5 15. a3 Ba6 16. Ne2 b4 17. axb4 axb4 18. Bc4 Bb7 19. Rxa8+ Bxa8 20. 0-0 d5 21. Bb3 Bb7 22. Ra1 e6 23. Ra4 Bf8 24. Nf4 dxe4 25. fxe4 Nf6 26. e5 Ng4 27. Nd3 Nxe3 28. Qxe3 h3 29. g3 c5 30. dxc5 Qc6 31. Kf1 Rh5 32. Rxb4 Qg2+ 33. Ke1 Qh1+ 34. Ke2 Qxh2+ 35. Nf2 Bg7 36. Ba4+ Kf8 37. c6 Ba6+ 38. Kf3 Qg2+ 39. Kg4 Bxe5 0-1

[Event "SVK-chT2A 1516"]
[Site "Slovakia"]
[Date "2015.11.08"]
[Round "4.7"]
[White "Hulla, Stanislav"]
[Black "Ochrana, Ladislav"]
[Result "1-0"]
[WhiteElo "1943"]
[BlackElo "1935"]
[PlyCount "131"]
[EventDate "2015.10.17"]
[EventType "team-tourn"]
[EventRounds "11"]
[EventCountry "SVK"]
[SourceTitle "CBM 169 Extra"]
[Source "ChessBase"]
[SourceDate "2015.12.18"]
[SourceVersion "1"]
[SourceVersionDate "2015.12.18"]
[SourceQuality "1"]
[WhiteTeam "Pezinok"]
[BlackTeam "Devinska Nova Ves II"]
[WhiteTeamCountry "SVK"]
[BlackTeamCountry "SVK"]

1. d4 d5 2. Bf4 e6 3. e3 Bd6 4. Bg3 Nf6 5. Nf3 c6 6. Nbd2 Qc7 7. Bxd6 Qxd6 8. c3 Nbd7 9. Bd3 0-0 10. 0-0 e5 11. dxe5 Nxe5 12. Nxe5 Qxe5 13. Nf3 Qc7 14. Qc2 g6 15. Rfe1 Bg4 16. Nd4 c5 17. Nf3 Bxf3 18. gxf3 Rfe8 19. Kh1 Re5 20. Rg1 c4 21. Be2 Rh5 22. Rg2 Re8 23. Rd1 b5 24. Qd2 Rh4 25. Qc2 a6 26. a3 Re5 27. f4 Re8 28. Bf3 Qd6 29. Rd4 Rd8 30. Rg5 h6 31. Rg3 Kh8 32. Qe2 Qe7 33. Qd2 Qd6 34. Qe2 Qe6 35. f5 Rxh2+ 36. Kxh2 Qxf5 37. e4 Qe5 38. exd5 Qxe2 39. Bxe2 Rd6 40. Bf3 Kg7 41. Rg1 Nd7 42. Rdd1 Nc5 43. Rd2 Kf6 44. Re1 h5 45. Re8 Nd3 46. Kg3 Kg5 47. Bg2 h4+ 48. Kh2 Kf6 49. Rc8 Ne5 50. f4 Nd3 51. Rc6 Ke7 52. Rc7+ Kf6 53. Rc6 Ke7 54. Rxd6 Kxd6 55. f5 gxf5 56. Kh3 a5 57. Kxh4 b4 58. axb4 axb4 59. Kg5 bxc3 60. bxc3 f4 61. Be4 Nc5 62. Kxf4 Na4 63. Rc2 Nc5 64. Rh2 Na4 65. Rh3 Ke7 66. Ke5 1-0

[Event "SVK-chT2A 1516"]
[Site "Slovakia"]
[Date "2015.11.07"]
[Round "3.7"]
[White "Ochrana, Ladislav"]
[Black "Faltan, Peter"]
[Result "1-0"]
[WhiteElo "1935"]
[BlackElo "1970"]
[PlyCount "135"]
[EventDate "2015.10.17"]
[EventType "team-tourn"]
[EventRounds "11"]
[EventCountry "SVK"]
[SourceTitle "CBM 169 Extra"]
[Source "ChessBase"]
[SourceDate "2015.12.18"]
[SourceVersion "1"]
[SourceVersionDate "2015.12.18"]
[SourceQuality "1"]
[WhiteTeam "Devinska Nova Ves II"]
[BlackTeam "Krasnany"]
[WhiteTeamCountry "SVK"]
[BlackTeamCountry "SVK"]

1. e4 e5 2. Bc4 Nc6 3. Nf3 Bc5 4. Nc3 Nf6 5. 0-0 d6 6. d3 Bg4 7. Be3 Bd4 8. Kh1 Qd7 9. Qe2 a6 10. Nd1 Bxe3 11. Qxe3 Bxf3 12. Qxf3 Nd4 13. Qg3 0-0 14. c3 Ne6 15. Qh3 g6 16. Bxe6 fxe6 17. Ne3 Nh5 18. Nc4 Rf7 19. d4 exd4 20. cxd4 Qc6 21. Nd2 Nf4 22. Qe3 Raf8 23. f3 Qb5 24. b3 Qe2 25. Qf2 b5 26. Rad1 Qxf2 27. Rxf2 Nd3 28. Re2 Nb4 29. Nf1 Rd7 30. Ne3 Nc6 31. Rc2 Nb4 32. Rcd2 Rc8 33. a3 Nc6 34. Rc2 Nd8 35. Rdc1 c6 36. b4 Rdc7 37. Kg1 Kf7 38. Kf2 Ke8 39. d5 c5 40. dxe6 Nxe6 41. Nd5 Rf7 42. Ke3 c4 43. a4 Rb7 44. a5 Rd8 45. Rd1 Kd7 46. Rcd2 Kc6 47. Nb6 Nc7 48. f4 Ne8 49. g4 Re7 50. Kf3 Nf6 51. Rd4 Kb7 52. h3 Rde8 53. Re1 Re6 54. g5 Nh5 55. Nd5 Rf8 56. h4 Rfe8 57. Re2 Kc6 58. Kg4 Rxe4 59. Rdxe4 Rxe4 60. Rxe4 Kxd5 61. Re7 Kc6 62. f5 gxf5+ 63. Kxh5 d5 64. Kh6 d4 65. Kxh7 d3 66. g6 d2 67. g7 d1Q 68. Re6+ 1-0

[Event "SVK-chT2A 1314"]
[Site "Slovakia"]
[Date "2014.03.15"]
[Round "10.6"]
[White "Balogh, Peter1111"]
[Black "Ochrana, Ladislav"]
[Result "1/2-1/2"]
[WhiteElo "2081"]
[BlackElo "2045"]
[PlyCount "57"]
[EventDate "2013.10.19"]
[EventType "team-tourn"]
[EventRounds "11"]
[EventCountry "SVK"]
[SourceTitle "EXT 2015"]
[Source "ChessBase"]
[SourceDate "2014.11.20"]
[SourceVersion "1"]
[SourceVersionDate "2014.11.20"]
[SourceQuality "1"]
[WhiteTeam "Gabcikovo"]
[BlackTeam "Devinska Nova Ves II"]
[WhiteTeamCountry "SVK"]
[BlackTeamCountry "SVK"]

1. e4 e5 2. Nf3 Nf6 3. Nc3 Bb4 4. d3 Nc6 5. Bg5 0-0 6. a3 Be7 7. Be2 Ne8 8. Bxe7 Qxe7 9. Nd5 Qd8 10. 0-0 d6 11. Ne1 Nd4 12. c3 Nxe2+ 13. Qxe2 f5 14. f4 c6 15. Ne3 fxe4 16. fxe5 Rxf1+ 17. Nxf1 exd3 18. Nxd3 Bf5 19. Rd1 Qg5 20. Nf2 d5 21. Qe3 Qg6 22. Ng3 Nc7 23. Rf1 Ne6 24. Ne2 c5 25. Rd1 Rd8 26. Qf3 Ng5 27. Qg3 Ne6 28. Qf3 Ng5 29. Qg3 1/2-1/2

[Event "SVK-chT2A 10/11"]
[Site "Slovakia"]
[Date "2011.03.05"]
[Round "8.5"]
[White "Ochrana, Ladislav"]
[Black "Sturdik, Igor"]
[Result "1/2-1/2"]
[WhiteElo "2072"]
[BlackElo "2071"]
[PlyCount "20"]
[EventDate "2010.10.23"]
[EventType "team-tourn"]
[EventRounds "11"]
[EventCountry "SVK"]
[SourceTitle "EXT 2019"]
[Source "ChessBase"]
[SourceDate "2018.10.10"]
[SourceVersion "1"]
[SourceVersionDate "2018.10.10"]
[SourceQuality "1"]
[WhiteTeam "Devinska Nova Ves"]
[BlackTeam "Trnava Lokomotiva II"]
[WhiteTeamCountry "SVK"]
[BlackTeamCountry "SVK"]

1. d4 Nf6 2. Nd2 d5 3. Ngf3 Bf5 4. Ne5 e6 5. Ndf3 Be7 6. Bf4 Nbd7 7. e3 c6 8. Bd3 Bxd3 9. Qxd3 Nxe5 10. Bxe5 Bd6 1/2-1/2

[Event "SVK-chT2A 10/11"]
[Site "Slovakia"]
[Date "2010.10.24"]
[Round "2.4"]
[White "Ochrana, Ladislav"]
[Black "Vespia, Gianmarco"]
[Result "0-1"]
[WhiteElo "2072"]
[BlackElo "2021"]
[PlyCount "106"]
[EventDate "2010.10.23"]
[EventType "team-tourn"]
[EventRounds "11"]
[EventCountry "SVK"]
[SourceTitle "EXT 2019"]
[Source "ChessBase"]
[SourceDate "2018.10.10"]
[SourceVersion "1"]
[SourceVersionDate "2018.10.10"]
[SourceQuality "1"]
[WhiteTeam "Devinska Nova Ves"]
[BlackTeam "Bratislava Doprastav III"]
[WhiteTeamCountry "SVK"]
[BlackTeamCountry "SVK"]

1. d4 c6 2. e4 d5 3. exd5 cxd5 4. Bb5+ Bd7 5. Bxd7+ Qxd7 6. Nf3 Nc6 7. Bf4 e6 8. 0-0 Nf6 9. Ne5 Nxe5 10. Bxe5 Be7 11. Nd2 0-0 12. Re1 Rfc8 13. c3 b5 14. a3 a5 15. Nb3 Ne8 16. Qg4 b4 17. axb4 axb4 18. Rxa8 Rxa8 19. Qd1 bxc3 20. bxc3 Qc6 21. Qc2 Nd6 22. Bxd6 Bxd6 23. Nd2 Rc8 24. Rc1 Ba3 25. Rb1 Qxc3 26. Qxc3 Rxc3 27. Rb8+ Bf8 28. f4 g6 29. Nf3 Kg7 30. Rb7 Bd6 31. Ng5 Rc7 32. Rxc7 Bxc7 33. g3 h6 34. Nf3 Kf6 35. Kf2 Kf5 36. Ke3 Kg4 37. Kf2 Kh3 38. Kg1 f6 39. Kh1 g5 40. Ng1+ Kg4 41. fxg5 hxg5 42. Kg2 Bb6 43. Ne2 Kf5 44. Kf3 g4+ 45. Ke3 e5 46. Kd3 Bxd4 47. Nxd4+ exd4 48. Kxd4 Ke6 49. Kd3 Ke5 50. Ke3 d4+ 51. Kd3 Kd5 52. Kd2 Ke4 53. Ke2 d3+ 0-1

[Event "SVK-chT2A 0708"]
[Site "Slovakia"]
[Date "2008.02.03"]
[Round "9.2"]
[White "Ochrana, Ladislav"]
[Black "Skreno, Vladimir"]
[Result "0-1"]
[WhiteElo "2083"]
[BlackElo "2062"]
[PlyCount "120"]
[EventDate "2007.10.06"]
[EventType "team-tourn"]
[EventRounds "11"]
[EventCountry "SVK"]
[SourceTitle "EXT 2010"]
[Source "ChessBase"]
[SourceDate "2010.11.25"]
[SourceVersion "1"]
[SourceVersionDate "2010.11.25"]
[SourceQuality "1"]
[WhiteTeam "Devinska Nova Ves"]
[BlackTeam "Hlohovec SK Zentiva III"]
[WhiteTeamCountry "SVK"]
[BlackTeamCountry "SVK"]

1. d4 Nf6 2. c4 g6 3. Nc3 Bg7 4. e4 d6 5. Bd3 e5 6. Nge2 0-0 7. f3 exd4 8. Nxd4 Nc6 9. Be3 Ng4 10. Nxc6 Nxe3 11. Nxd8 Nxd1 12. Nxd1 Rxd8 13. Rc1 Bd4 14. b3 Re8 15. Kd2 Bd7 16. Bb1 a5 17. Kd3 Bc5 18. Nc3 c6 19. Na4 Ba7 20. Rhe1 Rad8 21. Kc3 b5 22. Nb2 d5 23. exd5 Be3 24. Rcd1 b4+ 25. Kc2 Bf5+ 26. Nd3 cxd5 27. g4 Bd7 28. Nb2 d4 29. Rd3 Bc6 30. Rf1 f5 31. h3 fxg4 32. hxg4 Rf8 33. Nd1 Rde8 34. Nxe3 dxe3 35. Re1 Rxf3 36. Rd4 Rf2+ 37. Kc1 Kg7 38. Rd3 e2 39. Kd2 Bf3 40. g5 Bg4 41. Rd5 Bf5 42. Bxf5 gxf5 43. c5 f4 44. c6 f3 45. c7 Rc8 46. Rc5 Kg6 47. Rcc1 Kxg5 48. Ke3 Rf1 49. Rxf1 exf1Q 50. Rxf1 Rxc7 51. Rg1+ Kf5 52. Rh1 Rc3+ 53. Kf2 Ke4 54. Rh4+ Kd3 55. Kxf3 Kc2+ 56. Ke4 Kb2 57. Rxh7 Kxa2 58. Rh5 a4 59. bxa4 b3 60. Kd4 Rc8 0-1

[Event "SVK-chT1W 0607"]
[Site "Slovakia"]
[Date "2006.11.04"]
[Round "3.6"]
[White "Veres, Andrej"]
[Black "Ochrana, Ladislav"]
[Result "1-0"]
[WhiteElo "2169"]
[BlackElo "2094"]
[PlyCount "51"]
[EventDate "2006.10.07"]
[EventType "team-tourn"]
[EventRounds "11"]
[EventCountry "SVK"]
[SourceTitle "EXT 2008"]
[Source "ChessBase"]
[SourceDate "2007.11.25"]
[SourceVersion "1"]
[SourceVersionDate "2007.11.25"]
[SourceQuality "1"]
[WhiteTeam "Dubnica nad Vahom II"]
[BlackTeam "Devinska Nova Ves"]
[WhiteTeamCountry "SVK"]
[BlackTeamCountry "SVK"]

1. Nf3 Nf6 2. d4 d5 3. c4 dxc4 4. e3 c5 5. Bxc4 cxd4 6. exd4 e6 7. 0-0 Bd6 8. Bg5 Nbd7 9. Qe2 Nb6 10. Bb3 0-0 11. Nc3 Be7 12. Rfd1 Nfd5 13. Bd2 Bd7 14. Rac1 Nxc3 15. bxc3 Qc7 16. c4 Bf6 17. Ba5 Qc6 18. Ne5 Bxe5 19. Qxe5 Rac8 20. h4 Qc7 21. Qxc7 Rxc7 22. c5 Rfc8 23. Rb1 Na4 24. Bxc7 Rxc7 25. Rdc1 b6 26. c6 1-0

[Event "Bratislava Slovan op"]
[Site "Bratislava"]
[Date "2004.05.08"]
[Round "9"]
[White "Ochrana, Ladislav"]
[Black "Janos, Martin"]
[Result "0-1"]
[WhiteElo "2018"]
[BlackElo "2205"]
[PlyCount "152"]
[EventDate "2004.05.??"]
[EventType "swiss"]
[EventRounds "9"]
[EventCountry "SVK"]
[SourceTitle "EXT 2005"]
[Source "ChessBase"]
[SourceDate "2004.11.15"]
[SourceVersion "1"]
[SourceVersionDate "2004.11.15"]
[SourceQuality "1"]

1. d4 Nf6 2. c4 g6 3. Nc3 Bg7 4. e4 d6 5. g3 0-0 6. Bg2 Nc6 7. Nge2 e5 8. d5 Ne7 9. 0-0 Nd7 10. f4 exf4 11. Bxf4 Ne5 12. b3 h6 13. Rc1 b6 14. Nd4 Bg4 15. Qd2 Kh7 16. h3 Bd7 17. Kh2 Ng8 18. Be3 Nf6 19. Nce2 a5 20. Nf4 Qe7 21. Nd3 Nh5 22. Nf4 Nf6 23. Rce1 Rae8 24. Nd3 Rb8 25. Nxe5 dxe5 26. Nb5 Bxb5 27. cxb5 Ne8 28. a4 Nd6 29. g4 f6 30. Rc1 Rf7 31. Rf2 Rh8 32. Rcf1 Bf8 33. Qc1 Kg7 34. Rc2 Qd8 35. Rcf2 Be7 36. Qc3 Ne8 37. Bd2 Bc5 38. Be3 Bxe3 39. Qxe3 Qd6 40. h4 h5 41. g5 Rhf8 42. gxf6+ Rxf6 43. Rxf6 Rxf6 44. Rxf6 Qxf6 45. Kg3 Nd6 46. Qc1 Qe7 47. Bf3 Ne8 48. Qc6 Nf6 49. Qc1 Qd6 50. Qg5 Nxd5 51. Bxh5 Nf4 52. Bf3 Qf6 53. Qg4 Qe6 54. Qg5 Qf6 55. Qg4 Ne6 56. h5 Qf4+ 57. Qxf4 exf4+ 58. Kg4 gxh5+ 59. Kxh5 Kf6 60. Bd1 Nc5 61. Kg4 Ke5 62. Kf3 Nxe4 63. Bc2 Nc5 64. Bd1 Ne6 65. Ke2 Nd4+ 66. Kd3 f3 67. Ke3 Kd5 68. Bxf3+ Nxf3 69. Kxf3 Kc5 70. Ke3 Kb4 71. Kd4 Kxb3 72. Kd3 Kxa4 73. Kc4 Ka3 74. Kc3 a4 75. Kc4 Kb2 76. Kd5 Kc3 0-1

[Event "Bratislava Slovan op"]
[Site "Bratislava"]
[Date "2004.05.06"]
[Round "7"]
[White "Ochrana, Ladislav"]
[Black "Androvic, Peter"]
[Result "1-0"]
[WhiteElo "2018"]
[BlackElo "2049"]
[PlyCount "83"]
[EventDate "2004.05.??"]
[EventType "swiss"]
[EventRounds "9"]
[EventCountry "SVK"]
[SourceTitle "EXT 2005"]
[Source "ChessBase"]
[SourceDate "2004.11.15"]
[SourceVersion "1"]
[SourceVersionDate "2004.11.15"]
[SourceQuality "1"]

1. d4 d5 2. c4 Nf6 3. cxd5 Qxd5 4. Nc3 Qd8 5. e4 e6 6. Nf3 Be7 7. Bd3 c5 8. 0-0 cxd4 9. Bb5+ Bd7 10. Nxd4 a6 11. Bxd7+ Qxd7 12. e5 Nd5 13. Qg4 Bf8 14. Ne4 Nc6 15. Nxc6 bxc6 16. Bg5 h6 17. Bh4 g5 18. Bg3 Be7 19. h3 Rb8 20. Qe2 Qb7 21. Rfc1 Qb6 22. Qc4 Kd7 23. Kh1 Rhc8 24. b3 Qb4 25. Rd1 Qa3 26. Qe2 Rh8 27. Qf3 Ke8 28. Qd3 Qb4 29. f3 Qb5 30. Rac1 Qxd3 31. Rxd3 Ba3 32. Rxc6 Ra8 33. Rc4 Be7 34. Nc3 Nb6 35. Rc6 Nd7 36. Rc7 Nc5 37. Rd1 a5 38. Bf2 Na6 39. Rb7 Nc5 40. Bxc5 Bxc5 41. Rdd7 Rh7 42. Ne4 1-0

[Event "Bratislava Slovan op"]
[Site "Bratislava"]
[Date "2004.05.04"]
[Round "5"]
[White "Ptak, Pavel"]
[Black "Ochrana, Ladislav"]
[Result "1/2-1/2"]
[WhiteElo "2164"]
[BlackElo "2018"]
[PlyCount "91"]
[EventDate "2004.05.??"]
[EventType "swiss"]
[EventRounds "9"]
[EventCountry "SVK"]
[SourceTitle "EXT 2005"]
[Source "ChessBase"]
[SourceDate "2004.11.15"]
[SourceVersion "1"]
[SourceVersionDate "2004.11.15"]
[SourceQuality "1"]

1. d4 Nf6 2. g3 d5 3. Bg2 g6 4. c4 c6 5. cxd5 cxd5 6. Nc3 Bg7 7. Nf3 Nc6 8. Ne5 0-0 9. Bg5 Nxe5 10. dxe5 Ne4 11. Nxe4 dxe4 12. Qxd8 Rxd8 13. Bxe7 Re8 14. Bf6 Bxf6 15. exf6 Bf5 16. Rc1 Re6 17. Rc7 Rb8 18. 0-0 Rxf6 19. Rd1 Rb6 20. Rd2 Rb4 21. a3 Rb6 22. e3 Kf8 23. h3 h5 24. Bf1 Re6 25. Kg2 Re7 26. Rc5 Bd7 27. Be2 Ke8 28. Bd1 Bc6 29. Kf1 Rd8 30. Rxd8+ Kxd8 31. Ke1 Kd7 32. Rc4 Re5 33. Rd4+ Rd5 34. Bb3 Rxd4 35. exd4 Ke7 36. h4 b6 37. Kd2 f5 38. Ke3 Bb7 39. Kf4 Kf6 40. Bc4 Bc6 41. d5 Bd7 42. d6 b5 43. Bd5 a5 44. Ke3 Ke5 45. Bf7 Kf6 46. Bd5 1/2-1/2

[Event "Bratislava Slovan op"]
[Site "Bratislava"]
[Date "2004.05.02"]
[Round "2"]
[White "Ochrana, Ladislav"]
[Black "Kebis, Milos"]
[Result "1/2-1/2"]
[WhiteElo "2018"]
[BlackElo "2098"]
[PlyCount "167"]
[EventDate "2004.05.??"]
[EventType "swiss"]
[EventRounds "9"]
[EventCountry "SVK"]
[SourceTitle "EXT 2005"]
[Source "ChessBase"]
[SourceDate "2004.11.15"]
[SourceVersion "1"]
[SourceVersionDate "2004.11.15"]
[SourceQuality "1"]

1. d4 Nf6 2. c4 g6 3. Nc3 Bg7 4. e4 d6 5. Bd3 0-0 6. Nge2 Nbd7 7. f3 e5 8. d5 Nh5 9. Be3 c6 10. Qd2 cxd5 11. Nxd5 Nc5 12. Bc2 Nf4 13. Ndxf4 exf4 14. Bxf4 Bxb2 15. Rd1 Qf6 16. Qxd6 Ne6 17. e5 Qh4+ 18. g3 Qh5 19. g4 Qh4+ 20. Bg3 Qg5 21. h4 Qe3 22. Rd3 Qc5 23. Qxc5 Nxc5 24. Re3 Be6 25. Bb3 Rad8 26. Nf4 Bc1 27. Nxe6 fxe6 28. Re2 Rxf3 29. Bf2 Nd3+ 30. Kf1 Nxf2 31. Rxf2 Rxf2+ 32. Kxf2 Bb2 33. Re1 Kf7 34. Kf3 Ke7 35. Re2 Ba3 36. Re1 Bc5 37. Rd1 Rf8+ 38. Kg3 Be3 39. Ba4 Bf4+ 40. Kg2 Rd8 41. Rxd8 Kxd8 42. Kf3 Bxe5 43. h5 g5 44. h6 Bd6 45. Bc2 Bf8 46. Bxh7 Bxh6 47. Be4 Kc7 48. Bg6 Kd6 49. Ke4 Bg7 50. Bf7 Bb2 51. Bg8 Ba3 52. Bf7 b6 53. Bg8 Bc1 54. Bf7 e5 55. Kd3 Kc5 56. Ke4 Bb2 57. Be6 Kb4 58. Kf5 a5 59. Kxg5 Kc5 60. Kf5 Kd4 61. g5 e4 62. Kf4 Bc1+ 63. Kg3 Bxg5 64. Kf2 Kd3 65. Ke1 Bh4+ 66. Kd1 e3 67. Bg4 Kxc4 68. Kc2 b5 69. Be6+ Kd4 70. Bg4 b4 71. Be2 Bf6 72. Bb5 Ke4 73. Bc6+ Kf4 74. Kd3 Bc3 75. Ke2 Bd2 76. Kd3 Ke5 77. Ba4 Kd5 78. Bb3+ Kc5 79. Ba4 Kb6 80. Ke2 Bc3 81. Kd3 Kc5 82. Bd7 e2 83. Kxe2 Kc4 84. Kd1 1/2-1/2

[Event "Bratislava-ch"]
[Site "Bratislava"]
[Date "2003.04.12"]
[Round "8"]
[White "Chovanec, Vladimir"]
[Black "Ochrana, Ladislav"]
[Result "1-0"]
[WhiteElo "2038"]
[BlackElo "1985"]
[PlyCount "63"]
[EventDate "2003.03.??"]
[EventType "swiss"]
[EventRounds "9"]
[EventCountry "SVK"]
[SourceTitle "EXT 2006"]
[Source "ChessBase"]
[SourceDate "2005.11.24"]
[SourceVersion "1"]
[SourceVersionDate "2005.11.24"]
[SourceQuality "1"]

1. e4 e5 2. Nf3 Nf6 3. Nxe5 d6 4. Nxf7 Kxf7 5. d4 Be7 6. Nc3 c6 7. f4 Re8 8. Bc4+ d5 9. Bb3 Nxe4 10. Nxd5 cxd5 11. Qh5+ Kf8 12. Bxd5 Ng5 13. 0-0 Qxd5 14. fxg5+ Bf6 15. Bf4 Re4 16. Be5 Rg4 17. g3 Nc6 18. Bxf6 Bf5 19. Be5 g6 20. Qxg4 Nxe5 21. Rxf5+ gxf5 22. Qxf5+ Kg8 23. Qxe5 Qxe5 24. dxe5 Rd8 25. Rf1 Rd5 26. e6 Re5 27. Rf7 Rxe6 28. Rxb7 Re2 29. Rxa7 Rxc2 30. Rb7 Rc5 31. h4 Rc2 32. a4 1-0

[Event "Bratislava-ch"]
[Site "Bratislava"]
[Date "2003.04.08"]
[Round "6"]
[White "Ochrana, Ladislav"]
[Black "Zitniak, Jan"]
[Result "1-0"]
[WhiteElo "1985"]
[BlackElo "1827"]
[PlyCount "159"]
[EventDate "2003.03.??"]
[EventType "swiss"]
[EventRounds "9"]
[EventCountry "SVK"]
[SourceTitle "EXT 2006"]
[Source "ChessBase"]
[SourceDate "2005.11.24"]
[SourceVersion "1"]
[SourceVersionDate "2005.11.24"]
[SourceQuality "1"]

1. d4 d5 2. c4 e6 3. Nf3 Nf6 4. Nbd2 Bb4 5. e3 0-0 6. Bd3 c5 7. dxc5 dxc4 8. Bxc4 Ne4 9. 0-0 Nxd2 10. Nxd2 Bxc5 11. Qh5 Be7 12. Rd1 Qc7 13. Bd3 g6 14. Qe2 Bf6 15. Ne4 Bg7 16. Rb1 Bd7 17. Bd2 Bc6 18. Rdc1 Qd7 19. Nc5 Qe7 20. Bb4 Rd8 21. f3 Qe8 22. Ne4 Bxe4 23. Bxe4 Rd7 24. Rc2 f5 25. Bd3 Nc6 26. Ba3 a6 27. Bc4 Na5 28. Rbc1 Rad8 29. Bb4 Nxc4 30. Rxc4 Rd3 31. Ba5 b5 32. R4c2 Rxe3 33. Qxe3 Bd4 34. Qxd4 Rxd4 35. Rc8 Rd1+ 36. Kf2 Rxc1 37. Rxe8+ Kf7 38. Ra8 Rc2+ 39. Kg3 Rxb2 40. Ra7+ Kg8 41. a3 g5 42. h3 h5 43. Bc3 Rc2 44. Bf6 g4 45. Rg7+ Kf8 46. Rh7 Kg8 47. Rxh5 Kf7 48. Be5 Kg6 49. Rh8 gxh3 50. Rg8+ Kh7 51. Rg7+ Kh6 52. gxh3 Ra2 53. Re7 Rxa3 54. Rxe6+ Kh7 55. Rb6 Ra4 56. Bc3 Ra3 57. Be5 Ra4 58. Bc3 Ra3 59. Bb4 Ra4 60. Be1 Ra1 61. Kf2 Ra2+ 62. Ke3 Ra1 63. Bc3 Ra4 64. Bd2 Kg7 65. Bc3+ Kh7 66. Be1 Ra1 67. Kf2 Ra2+ 68. Kg3 Ra1 69. Bc3 Ra3 70. Bb4 Ra4 71. Bd6 Kg7 72. f4 Kg6 73. Kh4 Ra2 74. Bc5+ Kh7 75. Kg5 Rh2 76. h4 Rc2 77. Bb4 Rc4 78. Bd6 Ra4 79. Rb7+ Kg8 80. Kg6 1-0

[Event "SVK-chT2B 9394"]
[Site "Slovakia"]
[Date "1993.??.??"]
[Round "1"]
[White "Labar, Eduard"]
[Black "Ochrana, Ladislav"]
[Result "1-0"]
[WhiteElo "2035"]
[BlackElo "2000"]
[PlyCount "91"]
[EventDate "1993.??.??"]
[EventType "team"]
[EventRounds "14"]
[EventCountry "SVK"]
[SourceTitle "EXT 2001"]
[Source "ChessBase"]
[SourceDate "2000.11.22"]
[SourceVersion "1"]
[SourceVersionDate "2000.11.22"]
[SourceQuality "1"]

1. d4 d5 2. Nf3 Nf6 3. Bg5 Bg4 4. Nbd2 Nbd7 5. h3 Bh5 6. g4 Bg6 7. Nh4 e6 8. Nxg6 hxg6 9. Bg2 Be7 10. c3 Ng8 11. Bf4 Bd6 12. Bxd6 cxd6 13. Qb3 Nb6 14. e4 dxe4 15. Nxe4 Ne7 16. Qb5+ Nc6 17. 0-0-0 f5 18. Nd2 d5 19. Rde1 Qd6 20. Kb1 0-0-0 21. Nb3 Nd7 22. Re3 fxg4 23. Rhe1 a6 24. Qe2 gxh3 25. Bxh3 Kb8 26. Rxe6 Qf4 27. Qe3 Qxe3 28. R6xe3 Rhf8 29. f3 Nf6 30. Nc5 Rh8 31. Bg4 Nxg4 32. fxg4 Rh4 33. Rg1 Rdh8 34. Re6 Rh1 35. Rxh1 Rxh1+ 36. Kc2 Rh2+ 37. Kb3 Na5+ 38. Kb4 Nc4 39. b3 a5+ 40. Kb5 Na3+ 41. Kb6 Rh8 42. Re7 Nb1 43. Rxb7+ Kc8 44. Ra7 Kb8 45. Nd7+ Kc8 46. Kc6 1-0